The prehistory of East Africa / (Record no. 34084)
[ view plain ]
| 000 -LEADER | |
|---|---|
| fixed length control field | 00652nam a22001931a 4500 |
| 005 - DATE AND TIME OF LATEST TRANSACTION | |
| control field | 20110718131624.0 |
| 008 - FIXED-LENGTH DATA ELEMENTS--GENERAL INFORMATION | |
| fixed length control field | 090909s1954 001 0 eng d |
| 020 ## - INTERNATIONAL STANDARD BOOK NUMBER | |
| Terms of availability | 0.00 |
| 040 ## - CATALOGING SOURCE | |
| Original cataloging agency | NEGST Library - Kenya |
| 082 0# - DEWEY DECIMAL CLASSIFICATION NUMBER | |
| Classification number | GN 776.A15C6 1954 |
| 100 1# - MAIN ENTRY--PERSONAL NAME | |
| Personal name | Cole, Sonia. |
| 245 14 - TITLE STATEMENT | |
| Title | The prehistory of East Africa / |
| Statement of responsibility, etc | Sonia Cole; intro. by Richard Carrington. |
| 260 ## - PUBLICATION, DISTRIBUTION, ETC. (IMPRINT) | |
| Place of publication, distribution, etc | Harmondsworth, Middlesex, Engl : |
| Name of publisher, distributor, etc | Penguin Books, |
| Date of publication, distribution, etc | 1954. |
| 300 ## - PHYSICAL DESCRIPTION | |
| Extent | 301 p. |
| 500 ## - GENERAL NOTE | |
| General note | Includes bibliography and indexes. |
| 600 10 - SUBJECT ADDED ENTRY--PERSONAL NAME | |
| Personal name | Africa, East |
| General subdivision | Civilization. |
| 852 ## - LOCATION/CALL NUMBER | |
| -- | 38.00 |
| 852 ## - LOCATION/CALL NUMBER | |
| -- | 38.00 |
| Withdrawn status | Lost status | Source of classification or shelving scheme | Damaged status | Not for loan | Collection code | Home library | Current library | Shelving location | Date acquired | Source of acquisition | Cost, normal purchase price | Full call number | Barcode | Date last seen | Copy number | Price effective from | Koha item type |
|---|---|---|---|---|---|---|---|---|---|---|---|---|---|---|---|---|---|
| Library of Congress Classification | General Circulation | AIU/NEGST - Tony Wilmot Memorial Library | AIU/NEGST - Tony Wilmot Memorial Library | General Stacks | 11/17/2009 | Donation - Mr. & Mrs W.H. Sangree | 38.00 | GN 776.A15C6 1954 | R24650F3232 | 09/02/2019 | 1 | 11/17/2009 | Africana collection (General) | ||||
| Library of Congress Classification | General Circulation | AIU/NEGST - Tony Wilmot Memorial Library | AIU/NEGST - Tony Wilmot Memorial Library | General Stacks | 11/17/2009 | Risborough Books | 38.00 | GN 776.A15C6 1954 | R08239J3232 | 09/02/2019 | 2 | 11/17/2009 | Africana collection (General) |
